| 000 | 00886nam a2200217Ii 4500 | ||
|---|---|---|---|
| 003 | JO-AjNU | ||
| 008 | 230605s9999||||xx |||||||||||||| ||und|| | ||
| 017 | _a2010/10/4028 | ||
| 040 |
_aJO-AjNU _bara _erda _cJO-AjNU |
||
| 041 | _aara | ||
| 050 | 1 | 4 | _aJC423.2010 |
| 100 | 3 |
_aمركز الاعلاميات العربيات للدراسات والابحاث والاستشارات الاعلامية, _eauthor _943835 |
|
| 245 | 0 | 0 | _aالديمقراطية والانتخابات :تاريخ وشهادات |
| 250 | _aط1 | ||
| 264 | 3 | 1 | _aعمان : مركز الاعلاميات العربيات للدراسات والابحاث والاستشارات الاعلامية ،2010 |
| 300 | _a288ص | ||
| 336 |
_atext _btxt _2rdacontent |
||
| 337 |
_aunmediated _bn _2rdamedia |
||
| 338 |
_avolume _bnc _2rdacarrier |
||
| 650 | 4 |
_aالديمقراطية -- الانتخابات _943836 |
|
| 999 |
_aA18874 _c22442 _d22442 |
||